Most Popular Sports in Europe - Statistics

General Stats
  • This quiz has been taken 249 times
  • The average score is 11 of 20
Answer Stats
Sport % Correct
1 Football
100%
2 Basketball
92%
3 Tennis
84%
5 Ice Hockey
80%
4 Rugby
78%
20 Cricket
67%
11 Swimming
67%
6 Volleyball
62%
7 Handball
58%
14 Golf
57%
9 Athletics
50%
10 Skiing
44%
12 Boxing
40%
8 Cycling
37%
17 Water Polo
35%
19 Martial Arts
32%
16 Gymnastics
30%
18 Rowing
18%
13 Fencing
13%
15 Sailing
13%
No matching quizzes found
Score Distribution
Percent of People with Each Score
Percentile by Number Answered
Your Score History
You have not taken this quiz